| 000 | 00449nam a2200181Ia 4500 | ||
|---|---|---|---|
| 003 | GCL | ||
| 008 | 140319s9999 xx 000 0 eng d | ||
| 040 |
_aGCL / _cGCL |
||
| 082 | 0 | 4 |
_a914.21 _bM L |
| 100 | 1 | _aMICHLIN | |
| 245 | 1 | 0 |
_aLON DRES / _cMICHLIN |
| 260 |
_a[S.N] : _bPNEU MICHLIN ، _c1998 |
||
| 300 | _a387 P | ||
| 650 | 0 | 4 | _aGUIDE BOOKS |
| 650 | 0 | 4 | _aLONDON - GUIDEBOOKS |
| 650 | 0 | 4 | _aLONDON - DESCRITPION AND TRAVELS |
| 942 |
_2ddc _cBK |
||
| 999 |
_c16263 _d16263 |
||